Textbook of Pharmacognosy & Phytochemistry / (Record no. 36409)

MARC details
000 -LEADER
fixed length control field 00505nam a22001817a 4500
005 - DATE AND TIME OF LATEST TRANSACTION
control field 20240815121343.0
008 - FIXED-LENGTH DATA ELEMENTS--GENERAL INFORMATION
fixed length control field 240815b |||||||| |||| 00| 0 eng d
020 ## - INTERNATIONAL STANDARD BOOK NUMBER
ISBN 9788131234587
082 ## - DEWEY DECIMAL CLASSIFICATION NUMBER
Classification number 612
Item number SHA-T
100 ## - MAIN ENTRY--AUTHOR
Author Name Shah Biren
245 ## - TITLE STATEMENT
Title Textbook of Pharmacognosy & Phytochemistry /
Statement of responsibility, etc. Shah Biren , A.K Seth
250 ## - EDITION STATEMENT
Edition statement 2nd ed.
260 ## - PUBLICATION, DISTRIBUTION, ETC.
Place of Publication USA:
Name of publisher, distributor, etc. jaypee:
Date of publication, distribution, etc. 2014
300 ## - PHYSICAL DESCRIPTION
Pages xxii,614p.
500 ## - GENERAL NOTE
General note include index .
650 ## - SUBJECT ADDED ENTRY--TOPICAL TERM
Subject / Department Pharmacy / Pharmacognosy
300 ## - PHYSICAL DESCRIPTION
-- ill;
-- 27 cm.
952 ## - LOCATION AND ITEM INFORMATION (KOHA)
-- 0
-- 0
952 ## - LOCATION AND ITEM INFORMATION (KOHA)
-- 0
-- 0
952 ## - LOCATION AND ITEM INFORMATION (KOHA)
-- 0
-- 0
952 ## - LOCATION AND ITEM INFORMATION (KOHA)
-- 0
-- 0
952 ## - LOCATION AND ITEM INFORMATION (KOHA)
-- 0
-- 0
952 ## - LOCATION AND ITEM INFORMATION (KOHA)
-- 0
-- 0
Holdings
Lost status Damaged status Collection code Permanent Location Current Location Shelving Location Date acquired Full Call Number Accession No./Barcode Date last seen Copy number item type Koha item type
    Pharmacy Superior Information Resource Center (SIRC) Superior University- Main Campus Superior Information Resource Center (SIRC) Superior University- Main Campus Pharmacognosy 08/15/2024 612 SHA-T 2014 10001 08/15/2024 1 BOOK BOOK
    Pharmacy Superior Information Resource Center (SIRC) Superior University- Main Campus Superior Information Resource Center (SIRC) Superior University- Main Campus Pharmacognosy 08/15/2024 612 SHA-T 2014 10002 08/15/2024 2 BOOK BOOK
    Pharmacy Superior Information Resource Center (SIRC) Superior University- Main Campus Superior Information Resource Center (SIRC) Superior University- Main Campus Pharmacognosy 08/15/2024 612 SHA-T 2014 10004 08/15/2024 3 BOOK BOOK
    Pharmacy Superior Information Resource Center (SIRC) Superior University- Main Campus Superior Information Resource Center (SIRC) Superior University- Main Campus Pharmacognosy 08/15/2024 612 SHA-T 2014 10005 10/14/2024 4 BOOK BOOK
    Pharmacy Superior Information Resource Center (SIRC) Superior University- Main Campus Superior Information Resource Center (SIRC) Superior University- Main Campus Pharmacognosy 08/15/2024 612 SHA-T 2014 9997 08/15/2024 5 BOOK BOOK
    Pharmacy Superior Information Resource Center (SIRC) Superior University- Main Campus Superior Information Resource Center (SIRC) Superior University- Main Campus Pharmacognosy 08/15/2024 612 SHA-T 2014 9998 08/15/2024 6 BOOK BOOK

Powered by Koha